000 00441nam a22001337a 4500
082 _a338.9
_bREG
_cD
100 _aIsrad, Walter.;
_937820
245 _aRegional economic planning
_btechniques of analysis for less developed areas
260 _aParis
_bOrganisation for economic co operation and development
_cc1960
300 _a450 p.:
_bill. ;
_c25 cm.
526 _a0
_b0
_c0
_d338_900000000000000_REG
650 _aMCE
_9379
942 _2ddc
_cBK
999 _c542591
_d542591